000 01058nam a2200205 a 4500
001 43612
005 20180714022209.0
008 140415s1982 mx 000 0 spa d
020 _a9682309689
041 _aspa
082 _a200.9
_bHIS
245 0 4 _aLAS RELIGIONES CONSTITUIDAS EN ASIA Y SUS CONTRACORRIENTES, I
250 _a2a ed.
260 _aMEXICO :
_bSIGLO XXI EDITORES,
_c1982
300 _a459
_c10.5 x 2.2 x 18
490 _aHISTORIA DE LAS RELIGIONES
520 _aESTA OBRA TRATA DE EL ESTUDIO CIENTIFICO DE LOS HECHOS RELIGIOSOS EN SI Y POR SI, SIMPLEMENTE COMO HECHOS HUMANOS ACCESIBLES A LA OBSERVACION HUMANA, RECHAZANDO PREJUICIOS Y ABSTENIENDOSE DE JUICIOS DE VALOR, INEVITABLEMENTE PONE EN JUEGO Y EN DEFINITIVA TERMINA POR PONER EN CUESTION A LA RELIGION EN SI MISMA. ESTA ES SIN DUDA LA EXPLICACION ULTIMA DE LA CARRERA AZAROZA Y AMENAZADA QUE HA SEGUIDO HASTA AQUI LA HISTORIA DE LAS RELIGIONES.
700 1 _aGARCÍA - ARENAL, MERCEDES
_etr.
740 _aHISTOIRE DES RELIGIONS 3. ENCYCLOPEDIE DE LA PLEIADE
999 _c43612
_d43612